| 000 | 00748nam a2200241Ia 4500 | ||
|---|---|---|---|
| 003 | GCL | ||
| 008 | 140319s9999 xx 000 0 ara d | ||
| 040 |
_aGCL / _cGCL |
||
| 082 | 0 | 4 |
_a327.114 _bج م |
| 100 | 1 | _aمحمد نصر مهنا | |
| 245 | 1 | 0 |
_aالموانى ومشكلاتها فى العلاقات الدولية / _cمحمد نصر مهنا |
| 700 | 1 | _aجلال الدين مصطفى يحيى | |
| 260 |
_a[S.N] : _bدار المعارف ، _c1980 |
||
| 300 | _a431 ص | ||
| 490 | _a | ||
| 650 | 0 | 4 | _aالعلاقات الخارجية |
| 650 | 0 | 4 | _aالموانئ |
| 650 | 0 | 4 | _aالملاحة |
| 650 | 0 | 4 | _aقناة السويس |
| 650 | 0 | 4 | _aالتجارة البحرية |
| 650 | 0 | 4 | _aقناة بنما |
| 942 |
_2ddc _cBK |
||
| 999 |
_c55616 _d55616 |
||